Top 25 A$AP Rocky Songs - Statistics

General Stats
  • This quiz has been taken 42 times
  • The average score is 10 of 25
Answer Stats
# Album Score Answer % Correct
3 LIVE.LOVE.A$AP 94 Peso
75%
8 TESTING 91 Praise the Lord
75%
4 AT.LONG.LAST.A$AP 93 Everyday
66%
2 AT.LONG.LAST.A$AP 94 Jukebox Joints
66%
1 LONG.LIVE.A$AP 95 1Train
59%
12 AT.LONG.LAST.A$AP 90 L$D
56%
10 LONG.LIVE.A$AP 91 LVL
56%
9 AT.LONG.LAST.A$AP 91 Demons
53%
20 LONG.LIVE.A$AP 87 Goldie
44%
6 LIVE.LOVE.A$AP 91 Palace
44%
19 LONG.LIVE.A$AP 88 Fashion Killa
41%
13 LONG.LIVE.A$AP 89 Long Live A$AP
38%
21 LIVE.LOVE.A$AP 87 Wassup
38%
5 AT.LONG.LAST.A$AP 93 Holy Ghost
34%
7 LIVE.LOVE.A$AP 91 Houston Old Head
31%
18 AT.LONG.LAST.A$AP 88 Lord Pretty Flacko Jodye 2
28%
17 AT.LONG.LAST.A$AP 88 Canal St.
25%
15 LIVE.LOVE.A$AP 88 Brand New Guy
22%
14 AT.LONG.LAST.A$AP 89 Excuse Me
22%
22 LIVE.LOVE.A$AP 87 Trilla
19%
24 AT.LONG.LAST.A$AP 86 Wavybone
19%
11 LONG.LIVE.A$AP 90 F*ckin Problems
16%
23 LIVE.LOVE.A$AP 86 Kissin Pink
13%
25 AT.LONG.LAST.A$AP 86 Back Home
9%
16 LIVE.LOVE.A$AP 88 Out of This World
6%
No matching quizzes found
Score Distribution
Percent of People with Each Score
Percentile by Number Answered
Your Score History
You have not taken this quiz